000 00512nam a22001817a 4500
005 20141215111210.0
010 _aENG-111363
020 _c415.00
_a8183500897
035 _aEN-94895
037 _bDBAD/PUB
082 _a512
100 _aPratyush Kr. Singh
245 _aLectures on algebra /
_cby Pratyush Kr. Singh
260 _aNew Delhi
_bSultan Chand
_c2014
270 _a4859/24, Darya Ganj
_bNew Delhi
_e110002
300 _avarious pagings
_c24cm(pbk)
942 _2ddc
_cEN
_mPRA
_h512
999 _c90281
_d90281